Online
Catalog

Escritos literarios / (Record no. 1414)

MARC details
000 -CABECERA
campo de control de longitud fija 00930cam a2200241 a 4500
001 - NÚMERO DE CONTROL
campo de control 000001510
005 - FECHA Y HORA DE LA ÚLTIMA TRANSACCIÓN
campo de control 20200929145613.0
008 - DATOS DE LONGITUD FIJA--INFORMACIÓN GENERAL
campo de control de longitud fija 750731s1946 cu 000 0 spa
040 ## - FUENTE DE LA CATALOGACIÓN
Centro catalogador/agencia de origen DO-SdBNP
Lengua de catalogación spa
Centro/agencia transcriptor BNPHU
082 ## - NÚMERO DE LA CLASIFICACIÓN DECIMAL DEWEY
Número de clasificación 860.5
Número de documento/Ítem L97e
100 1# - ENTRADA PRINCIPAL--NOMBRE DE PERSONA
Nombre de persona Luz y Caballero, José de la,
Fechas asociadas al nombre 1800-1862.
9 (RLIN) 4985
245 10 - MENCIÓN DE TÍTULO
Título Escritos literarios /
Mención de responsabilidad, etc. José de la Luz y Caballero; Prólogo, de Raimundo Lazo.
260 ## - PUBLICACIÓN, DISTRIBUCIÓN, ETC.
Lugar de publicación, distribución, etc. Habana :
Nombre del editor, distribuidor, etc. Editorial de la Universidad de la Habana,
Fecha de publicación, distribución, etc. 1946.
300 ## - DESCRIPCIÓN FÍSICA
Extensión xxiii, 294 p. ;
Dimensiones 20 cm.
490 1# - MENCIÓN DE SERIE
Mención de serie Obras de José de la Luz y Caballero
Designación de volumen o secuencia vol. 6
490 1# - MENCIÓN DE SERIE
Mención de serie Biblioteca de autores cubanos
Designación de volumen o secuencia no. 11
600 10 - PUNTO DE ACCESO ADICIONAL DE MATERIA--NOMBRE DE PERSONA
Nombre de persona SCHILLER, FRIEDRICH,
Fechas asociadas al nombre 1759-1805.
9 (RLIN) 4986
650 #4 - PUNTO DE ACCESO ADICIONAL DE MATERIA--TÉRMINO DE MATERIA
Término de materia o nombre geográfico como elemento de entrada Literatura cubana moderna
9 (RLIN) 4987
651 #4 - PUNTO DE ACCESO ADICIONAL DE MATERIA--NOMBRE GEOGRÁFICO
Nombre geográfico Cuba
Subdivisión de forma BIOGRAFÍAS
9 (RLIN) 4988
700 1# - PUNTO DE ACCESO ADICIONAL--NOMBRE DE PERSONA
Nombre de persona Lazo, Raimundo,
Fechas asociadas al nombre 1904-
Término indicativo de función/relación pról.
9 (RLIN) 4989
830 #0 - PUNTO DE ACCESO ADICIONAL DE SERIE-TÍTULO UNIFORME
Título uniforme Obras de José de la Luz y Caballero ;
Designación de volumen o secuencia 6
9 (RLIN) 4990
830 #0 - PUNTO DE ACCESO ADICIONAL DE SERIE-TÍTULO UNIFORME
Título uniforme Biblioteca de autores cubanos ;
Designación de volumen o secuencia 11
9 (RLIN) 4991
Holdings
Estado de retiro Estado de pérdida Restricciones de uso No para préstamo Código de colección Localización permanente Ubicación/localización actual Ubicación en estantería Fecha de adquisición Número de inventario Total de préstamos Signatura topográfica completa Código de barras Fecha visto por última vez Precio válido a partir de Tipo de ítem Koha
    Préstamo interno   Monografías: Libros y Folletos General General Depósito 22.09.2009 LF1   860.5 L97e 1510-10 25.06.2020 25.06.2020 Préstamo interno

Powered by Koha